| 000 | 00735cam a22002293a 4500 | ||
|---|---|---|---|
| 001 | 32381 | ||
| 003 | PGUSA | ||
| 005 | 20140828083712.0 | ||
| 008 | 100515s2010||||xxu|||||s|||||000 | eng d | ||
| 040 |
_aPGUSA _beng |
||
| 042 | _adc | ||
| 050 | 4 | _aPQ | |
| 100 | 1 |
_aPimentel, Alberto, _d1849-1925 |
|
| 245 | 1 | 0 |
_aChristo não volta (Resposta ao «Voltareis, ó Christo?» de Camillo Castello-Branco) _h[electronic resource] / _cAlberto Pimentel |
| 260 |
_bProject Gutenberg, _c2010 |
||
| 506 | _aPublic domain in the USA. | ||
| 516 | _aElectronic text | ||
| 653 | _aCastelo Branco, Camilo, 1825-1890. Voltareis, ó Christo? | ||
| 830 | 0 |
_aProject Gutenberg _v32381 |
|
| 856 | 4 | 0 | _uhttp://www.gutenberg.org/ebooks/32381 |
| 942 | _cEB | ||
| 999 |
_c261636 _d261636 |
||